00709nam a2200217Ia 4500003000400000005001700004008004000021020001800061040000700079041000800086082001500094100002300109245007200132260004600204300001400250690002500264906001100289942001200300999001900312952016000331OSt20250918150120.0210210b2006 xxu||||| |||| 00| 0 eng d a9780849946565 cAL aeng a222.4 LUCF aMax Lucado9239429 aFacing your giantsb: a David and Goliath story for everyday people aNashvillebThomas Nelson Publishersc2006 axiii,233p aChristianity9239441 a065634 2ddccBK c146458d146458 00102ddc40708OTHaALbALd2021-02-17eATC Milestones and Memories, Bangalore-560084g540.00l0o222.4 LUCFp065634r2021-02-17 00:00:00w2021-02-17yBK